Statistics for List of Yang Di-Pertuan Agong of Malaysia

Click here to take the quiz!

General Stats

  • This quiz has been taken 5 times
  • The average score is 11 of 16

Answer Stats

Answer% Correct
Al-Sultan Abdullah Ri'ayatuddin Al-Mustafa Billah Shah ibni Almarhum Sultan Haji Ahmad Shah Al-Musta'in Billah
100%
Al-Wathiqu Billah Sultan Mizan Zainal Abidin ibni Almarhum Sultan Mahmud Al-Muktafi Billah Shah
100%
Tuanku Ja'afar ibni Almarhum Tuanku Abdul Rahman
100%
Tuanku Sir Abdul Rahman ibni Almarhum Tuanku Muhammad
100%
Tuanku Syed Harun Putra ibni Almarhum Syed Hassan Jamalullail
100%
Tuanku Syed Sirajuddin ibni Almarhum Tuanku Syed Putra Jamalullail
100%
Sultan Haji Ahmad Shah Al-Musta'in Billah ibni Almarhum Sultan Abu Bakar Ri'ayatuddin Al-Mu'azzam Shah
67%
Sultan Iskandar ibni Almarhum Sultan Ismail
67%
Sultan Muhammad V
67%
Sultan Salahuddin Abdul Aziz Shah Al-Haj ibni Almarhum Sultan Hisamuddin Alam Shah Al-Haj
67%
Sultan Sir Hisamuddin Alam Shah Al-Haj ibni Almarhum Sultan Alaeddin Sulaiman Shah
67%
Sultan Yahya Petra ibni Almarhum Sultan Ibrahim
67%
Al-Sultan Al-Mu'tassimu Billahi Muhibbuddin Tuanku Al-Haj Abdul Halim Mu'adzam Shah ibni Almarhum Sultan Badlishah
33%
Al-Sultan Al-Mu'tassimu Billahi Muhibbuddin Tuanku Al-Haj Abdul Halim Mu'adzam Shah ibni Almarhum Sultan Badlishah
33%
Sultan Azlan Muhibbuddin Shah ibni Almarhum Sultan Yussuff Izzuddin Shah Ghafarullahu-lah
0%
Sultan Ismail Nasiruddin Shah ibni Almarhum Sultan Haji Zainal Abidin III Mu'azzam Shah
0%

Score Distribution

Percentile by Number Answered

Percent of People with Each Score

Your Score History

You have not taken this quiz